Proceedings of ICTTA' 04: The 1st int'l conference on information and communication technologies : (Record no. 194797)
[ view plain ]
| 000 -LEADER | |
|---|---|
| fixed length control field | 01032 a2200169 4500 |
| 003 - CONTROL NUMBER IDENTIFIER | |
| control field | Nust |
| 005 - DATE AND TIME OF LATEST TRANSACTION | |
| control field | 20221209112411.0 |
| 020 ## - INTERNATIONAL STANDARD BOOK NUMBER | |
| International Standard Book Number | 0780384842 |
| 040 ## - CATALOGING SOURCE | |
| Transcribing agency | Nust |
| 082 ## - DEWEY DECIMAL CLASSIFICATION NUMBER | |
| Classification number | 621.382,PRO |
| 245 ## - TITLE STATEMENT | |
| Title | Proceedings of ICTTA' 04: The 1st int'l conference on information and communication technologies : |
| Remainder of title | from theory to applications-ICTTA' 04 / |
| Statement of responsibility, etc. | IEEE, France |
| 260 ## - PUBLICATION, DISTRIBUTION, ETC. | |
| Place of publication, distribution, etc. | Paris |
| Name of publisher, distributor, etc. | IEEE |
| Date of publication, distribution, etc. | 2004 |
| 300 ## - PHYSICAL DESCRIPTION | |
| Extent | 686 P. |
| 505 ## - FORMATTED CONTENTS NOTE | |
| Formatted contents note | E-Government (Page-1), E-Health (Page-35), ICT & Intelligent Transportation (Page-51), E-Business and E-Commerce (Page-73), E-Learning and E-Education (Page-95), ICT & Emerging Applications (Page-121), ICT Application in Water and Environment Sectors (Page-147), Optical Comm. (Page-165), Wireless Networking and Comm. (Page-187), Evolution of Wireless Networks (Page-219), Antennas and Propagation (Page-239), Mobile Comm (Page-253), Digital Comm. (Page-267), Comm. Systems (Page-291), Emerging Technologies and Applications (Page-315). |
| 650 ## - SUBJECT ADDED ENTRY--TOPICAL TERM | |
| Topical term or geographic name entry element | Telecommunication Engineering |
| 942 ## - ADDED ENTRY ELEMENTS (KOHA) | |
| Source of classification or shelving scheme | |
| Koha item type | Book |
| Withdrawn status | Lost status | Source of classification or shelving scheme | Damaged status | Not for loan | Permanent Location | Current Location | Shelving location | Date acquired | Full call number | Barcode | Date last seen | Price effective from | Koha item type | Public note |
|---|---|---|---|---|---|---|---|---|---|---|---|---|---|---|
| Military College of Signals (MCS) | Military College of Signals (MCS) | General Stacks | 12/12/2016 | 621.382,PRO | MCS36333 | 12/08/2016 | 12/12/2016 | Book | Almirah No.35, Shelf No.5 |
